000 00814cab a2200277 4500
001 ABS54003
008 090401t1995 xxu||||| |||| 00| 0 eng d
035 _a(Sirsi) u7832
041 _aeng
100 _aJohnston, K.
245 _aShort and sweet?
260 _c1995
350 _a0
490 _aCountry Landowner
_vNovember 1995, 26(1)
520 _aExamines whether Farm Business Tenancies are having any effect on tenanted land prices and whether the gap in value between vacant possession and tenanted farms is closing.
650 _aCAPITAL VALUES
650 _aFARM BUSINESS TENANCIES
650 _aFARMLAND
650 _aLAND VALUES
650 _aTENANTED LAND
650 _aVACANT POSSESSION VALUE
690 _aLAND
690 _aRURAL PRACTICE
942 _n0
948 _c04/03/1997
999 _c4766
_d4766